It looks like you're offline.
Open Library logo
additional options menu

MARC record from Internet Archive

LEADER: 04906cam 2200829 a 4500
001 ocn849198719
003 OCoLC
005 20201221061213.0
008 130826s2014 nyu 000 1 eng
010 $a 2013031632
040 $aDLC$beng$cDLC$dIG#$dBTCTA$dBDX$dYDXCP$dOCLCO$dEYP$dCDX$dCOO$dDEBBG$dSTF$dIXA$dIDU$dCHVBK$dOCLCQ$dOCLCF$dOCLCO$dLTP$dOCLCO$dMWM$dSHM$dTOP$dQE2$dKJ6$dOKX$dCPO$dOCLCO$dCUI$dMLM$dOCLCO$dDE#$dOCLCO$dCBA$dLKC$dOCLCO$dDKC$dOCLCO$dLMJ$dOCLCO$dSXQ$dOCLCO$dUTP$dOCLCO$dNZAUC$dOCLCO$dLD4$dTJC$dOCLCO$dQT7$dOCLCO$dTXUPP$dZQP$dOCLCO$dOCLCQ$dOCLCO
019 $a849246697$a966534514$a967795163$a973966382$a980530767$a985306391$a988963458$a993319969$a995576070$a1080801299$a1083387489
020 $a9780385349987$q(hardcover)
020 $a038534998X$q(hardcover)
020 $a9780345805669$q(pbk.)
020 $a0345805666$q(pbk.)
020 $z9780385349994$q(eBook)
020 $z0385349998$q(e-book)
035 $a(OCoLC)849198719$z(OCoLC)849246697$z(OCoLC)966534514$z(OCoLC)967795163$z(OCoLC)973966382$z(OCoLC)980530767$z(OCoLC)985306391$z(OCoLC)988963458$z(OCoLC)993319969$z(OCoLC)995576070$z(OCoLC)1080801299$z(OCoLC)1083387489
037 $bRandom House Inc, Attn Order Entry 400 Hahn rd, Westminster, MD, USA, 21157$nSAN 201-3975
042 $apcc
043 $an-us---$af------
050 00 $aPS3613.E487$bA66 2014
055 3 $aPS3613.E57$bA66 2014
082 00 $a813/.6$223
100 1 $aMengestu, Dinaw,$d1978-
245 10 $aAll our names /$cDinaw Mengestu.
250 $aFirst edition.
260 $aNew York :$bAlfred A. Knopf,$c2014.
300 $a255 pages ;$c25 cm
336 $atext$btxt$2rdacontent
337 $aunmediated$bn$2rdamedia
338 $avolume$bnc$2rdacarrier
380 $aFiction
490 0 $aA Borzoi book
520 $aAn unforgettable love story about a searing affair between an American woman and an African man in 1970s America and an unflinching novel about the fragmentation of lives that straddle countries and histories. All Our Names is the story of two young men who come of age during an African revolution, drawn from the safe confines of the university campus into the intensifying clamor of the streets outside. But as the line between idealism and violence becomes increasingly blurred, the friends are driven apart--one into the deepest peril, as the movement gathers inexorable force, and the other into the safety of exile in the American Midwest. There, pretending to be an exchange student, he falls in love with a social worker and settles into small-town life. Yet this idyll is inescapably darkened by the secrets of his past: the acts he committed and the work he left unfinished. Most of all, he is haunted by the beloved friend he left behind, the charismatic leader who first guided him to revolution and then sacrificed everything to ensure his freedom. Elegiac, blazing with insights about the physical and emotional geographies that circumscribe our lives, All Our Names is a marvel of vision and tonal command. Writing within the grand tradition of Naipul, Greene, and Achebe, Mengestu gives us a political novel that is also a transfixing portrait of love and grace, of self-determination and the names we are given and the names we earn.--Publisher's description.
650 0 $aStudents, Foreign$zUnited States$vFiction.
650 0 $aAfrican Americans$vFiction.
650 0 $aIdentity (Psychology)$vFiction.
650 0 $aAlienation (Social psychology)$vFiction.
650 1 $aFriendship$vFiction.
650 1 $aCity and town life$vFiction.
650 1 $aSecrets$vFiction.
650 1 $aComing of age$vFiction.
650 7 $aAfrican Americans.$2fast$0(OCoLC)fst00799558
650 7 $aAlienation (Social psychology)$2fast$0(OCoLC)fst00805268
650 7 $aIdentity (Psychology)$2fast$0(OCoLC)fst00966892
650 7 $aStudents, Foreign.$2fast$0(OCoLC)fst01136169
651 7 $aUnited States.$2fast$0(OCoLC)fst01204155
600 17 $aAndrae, A.$2gnd
650 7 $aAmerikanisches Englisch$2gnd
655 0 $aWomen social workers
655 4 $aPsychological fiction.
655 7 $aFiction.$2fast$0(OCoLC)fst01423787
655 7 $aPsychological fiction.$2fast$0(OCoLC)fst01726481
655 7 $aPsychological fiction.$2gsafd
655 7 $aPsychological fiction.$2lcgft
856 4 $uhttp://www.aaknopf.com
938 $aBrodart$bBROD$n105061638
938 $aBaker and Taylor$bBTCP$nBK0013420603
938 $aCoutts Information Services$bCOUT$n25706327
938 $aIngram$bINGR$n9780385349987
938 $aYBP Library Services$bYANK$n10762679
029 1 $aAU@$b000051880481
029 1 $aAU@$b000052713071
029 1 $aAU@$b000064055993
029 1 $aCHBIS$b010108188
029 1 $aCHVBK$b314797882
029 1 $aNZ1$b15223018
029 1 $aNZ1$b15359379
994 $aZ0$bP4A
948 $hNO HOLDINGS IN P4A - 1059 OTHER HOLDINGS